| 000 | 00000nam##2200000za#4500 |
| 001 | 9.571481 |
| 003 | CaOODSP |
| 005 | 20210624182738 |
| 007 | cr ||||||||||| |
| 008 | 150406|2005||||xxc|||||o f|0| 0 eng|d |
| 040 | |aCaOODSP|beng |
| 043 | |an-cn--- |
| 086 | 1 |aTU3-5/05-23E-PDF |
| 110 | 2 |aTransportation Safety Board of Canada. |
| 245 | 10|aAircraft control difficulty-- Government of Canada Department of Transport, Cessna TU206G C-FIHV, Hamilton, Ontario, 09 June 2005 |h[electronic resource] |
| 260 | |aGatineau - Quebec : |bTransportation Safety Board of Canada |c[2007]. |
| 300 | |a6p. |
| 490 | 1 |aAviation investigation report |vA05O0120 |
| 500 | |a"The Board authorized the release of this report on 18 April 2007."--Page 6 of 6. |
| 590 | |a12-20-Supp|b2012-05-09 |
| 775 | 08|tProblème de maîtrise du Cessna TU206G C-FIHV, exploité par le ministère des Transports du Gouvernement du Canada à Hamilton (Ontario), le 9 juin 2005 |w(CaOODSP)9.602074 |
| 830 | #0|aAviation investigation report ;|vA05O0120|w(CaOODSP)9.504825 |
| 856 | 40|ahttp://publications.gc.ca|qPDF|s147 KB|uhttps://publications.gc.ca/collections/collection_2011/bst-tsb/TU3-5-05-23-eng.pdf|yA05O0120 |